Internetový modul pre modelovanie a simuláciu procesov diplomová práca CD

Salvato in:
Dettagli Bibliografici
Autore principale: Jenčík, Rastislav
Natura: Software Libro
Lingua:slovacco
Pubblicazione: Bratislava STU FCHPT 2013
Accesso online:Visualizza in OPAC
Tags: Aggiungi Tag
Nessun Tag, puoi essere il primo ad aggiungerne!!

MARC

LEADER 00000nam a2200000 a 4500
005 20260127133947.0
007 co ugu
008 130816 2013 000 0 slo d
035 |a vtls010535792 
039 9 |y 201308160824  |z mschk03 
040 |a STUSCHK1  |b slo  |c STUSCHK1  |e AACR2 
100 1 |a Jenčík, Rastislav 
245 1 |a Internetový modul pre modelovanie a simuláciu procesov  |b diplomová práca CD  |c Rastislav Jenčík 
260 |a Bratislava  |b STU FCHPT  |c 2013 
300 |a 1 optický disk 
500 |a Obhájené: 10.06.2013 
500 |a Štud. odbor: Automatizácia 
500 |a Škol. pracovisko: Odd. informatizácie a riadenia procesov 
500 |a Evid. číslo: FCHPT-5414-40614 
910 |a SCHK95 
999 |c 959  |d 959